Habitar la casa del tesoro
| Hlavní autor: | |
|---|---|
| Médium: | Kniha |
| Jazyk: | španělština |
| Vydáno: |
[Lugar de publicación no identificado] :
sin nombre de editor,
2002
|
| Témata: |
MARC
| LEADER | 00000nam a2200000Ia 4500 | ||
|---|---|---|---|
| 008 | 170621b2002 s ||||| |||| 00| | spa d | ||
| 999 | |c 1367 |d 1367 | ||
| 090 | |a 05.05.03 |b 348 | ||
| 100 | 1 | |a Rojas Porras, Marta |9 108 | |
| 245 | 1 | 0 | |a Habitar la casa del tesoro |
| 260 | |a [Lugar de publicación no identificado] : |b sin nombre de editor, |c 2002 | ||
| 300 | |a 133 páginas | ||
| 650 | 1 | 4 | |a LITERATURA |9 655 |
| 650 | 1 | 4 | |a POESÍA |9 1250 |
| 942 | |i 00585 |h 05.05.03 348 |2 z |c 01 | ||
